[Event "CAN-ch"]
[Site "Toronto CAN"]
[Date "2006.08.22"]
[Round "5"]
[White "Masse, Hugues"]
[Black "Gerzhoy, Leonid"]
[Result "1/2-1/2"]
[WhiteElo "2178"]
[BlackElo "2386"]
[PlyCount "95"]
[GameId "2160767910790176"]
[EventDate "2006.08.18"]
[EventType "swiss"]
[EventRounds "9"]
[EventCountry "CAN"]
[SourceTitle "The Week in Chess 616"]
[Source "Mark Crowther"]
[SourceDate "2006.08.28"]
[SourceVersion "1"]
[SourceVersionDate "2006.08.28"]
[SourceQuality "2"]

1. d4 Nf6 2. c4 e6 3. Nc3 Bb4 4. Qc2 O-O 5. a3 Bxc3+ 6. Qxc3 b6 7. Bg5 Bb7 8. e3 d6 9. f3 Nbd7 10. Bd3 Rc8 11. Ne2 c5 12. Qb3 h6 13. Bh4 cxd4 14. exd4 e5 15. Bf5 g5 16. Bf2 Ba6 17. Rc1 d5 18. Bd3 exd4 19. Bxd4 Re8 20. Kf2 Nc5 21. Bxc5 Rxc5 22. Rhe1 dxc4 23. Bxc4 Bxc4 24. Rxc4 Rce5 25. Qc3 Qe7 26. Qd2 Nd5 27. Rcc1 Qf6 28. Ng3 Nf4 29. Rxe5 Qxe5 30. Kg1 h5 31. Ne4 f5 32. Nc3 h4 33. Rd1 g4 34. Nd5 Qxd5 35. Qxd5+ Nxd5 36. Rxd5 gxf3 37. gxf3 Re2 38. b4 h3 39. Rxf5 Rg2+ 40. Kf1 Rxh2 41. Rh5 Kg7 42. Kg1 Ra2 43. Rxh3 Rxa3 44. Kf2 Ra4 45. Rh4 Kf6 46. Re4 Kf5 47. Ke3 Ra3+ 48. Ke2 1/2-1/2

[Event "CAN-ch"]
[Site "Toronto CAN"]
[Date "2006.08.23"]
[Round "6"]
[White "Gerzhoy, Leonid"]
[Black "St Amand, Paul Jr"]
[Result "1-0"]
[WhiteElo "2386"]
[BlackElo "2126"]
[PlyCount "49"]
[GameId "2160767910790201"]
[EventDate "2006.08.18"]
[EventType "swiss"]
[EventRounds "9"]
[EventCountry "CAN"]
[SourceTitle "The Week in Chess 616"]
[Source "Mark Crowther"]
[SourceDate "2006.08.28"]
[SourceVersion "1"]
[SourceVersionDate "2006.08.28"]
[SourceQuality "2"]

1. Nf3 c5 2. c4 Nf6 3. Nc3 Nc6 4. g3 e6 5. Bg2 d5 6. cxd5 Nxd5 7. O-O Be7 8. d4 O-O 9. e4 Ndb4 10. a3 cxd4 11. axb4 dxc3 12. bxc3 Qc7 13. Be3 Rd8 14. Qa4 Bd7 15. b5 Ne5 16. Nxe5 Qxe5 17. c4 Qc7 18. e5 a6 19. Rfc1 Rac8 20. Qb3 axb5 21. cxb5 Qxe5 22. b6 Bc6 23. Bf4 Qf5 24. Bxc6 Rd3 25. Qa4 1-0

[Event "Richmond Hill Pro Am"]
[Site "Richmond Hill CAN"]
[Date "2006.??.??"]
[Round "1"]
[White "Gerzhoy, Leonid"]
[Black "Zubac, Marius"]
[Result "1-0"]
[WhiteElo "2386"]
[BlackElo "2217"]
[PlyCount "59"]
[GameId "2160767910798626"]
[EventDate "2006.08.04"]
[EventType "tourn"]
[EventRounds "9"]
[EventCountry "CAN"]
[EventCategory "1"]
[SourceTitle "EXT 2008"]
[Source "ChessBase"]
[SourceDate "2007.11.25"]
[SourceVersion "1"]
[SourceVersionDate "2007.11.25"]
[SourceQuality "1"]

1. Nf3 d5 2. d4 c6 3. c4 e6 4. e3 Nf6 5. Bd3 Be7 6. O-O O-O 7. Nc3 Nbd7 8. e4 dxe4 9. Nxe4 Nxe4 10. Bxe4 Nf6 11. Bc2 c5 12. Bg5 cxd4 13. Nxd4 Qa5 14. Be3 Rd8 15. Qf3 Qh5 16. Qxh5 Nxh5 17. Nb5 Bd7 18. Nxa7 f5 19. Rfd1 Be8 20. Nb5 Rxd1+ 21. Bxd1 Bxb5 22. cxb5 Nf6 23. a4 Nd5 24. Bd4 Kf7 25. Bf3 Nb4 26. Bxb7 Rb8 27. Bf3 Nc2 28. Be5 Bf6 29. Bxb8 Nxa1 30. a5 1-0

[Event "Richmond Hill Pro Am"]
[Site "Richmond Hill CAN"]
[Date "2006.??.??"]
[Round "2"]
[White "Jiang, Louie"]
[Black "Gerzhoy, Leonid"]
[Result "0-1"]
[WhiteElo "1965"]
[BlackElo "2386"]
[PlyCount "58"]
[GameId "2160767910798634"]
[EventDate "2006.08.04"]
[EventType "tourn"]
[EventRounds "9"]
[EventCountry "CAN"]
[EventCategory "1"]
[SourceTitle "EXT 2008"]
[Source "ChessBase"]
[SourceDate "2007.11.25"]
[SourceVersion "1"]
[SourceVersionDate "2007.11.25"]
[SourceQuality "1"]

1. e4 c5 2. Nf3 d6 3. d4 cxd4 4. Nxd4 Nf6 5. Nc3 Nc6 6. Be3 Ng4 7. Bg5 h6 8. Bh4 g5 9. Bg3 Bg7 10. Nxc6 bxc6 11. Bc4 h5 12. Qf3 e6 13. Rd1 Ne5 14. Qe2 h4 15. Bxe5 Bxe5 16. Qe3 Qb6 17. Qxb6 axb6 18. Ne2 b5 19. Bb3 c5 20. c4 bxc4 21. Bxc4 Ba6 22. Bb3 Ke7 23. Rd2 Rhb8 24. O-O c4 25. Ba4 c3 26. Nxc3 Bxc3 27. bxc3 Bxf1 28. Bc6 Bc4 29. Bxa8 Rb1+ 0-1

[Event "Richmond Hill Pro Am"]
[Site "Richmond Hill CAN"]
[Date "2006.??.??"]
[Round "5"]
[White "Gerzhoy, Leonid"]
[Black "Kaufman, Larry C"]
[Result "0-1"]
[WhiteElo "2386"]
[BlackElo "2358"]
[PlyCount "86"]
[GameId "2160767910798647"]
[EventDate "2006.08.04"]
[EventType "tourn"]
[EventRounds "9"]
[EventCountry "CAN"]
[EventCategory "1"]
[SourceTitle "EXT 2008"]
[Source "ChessBase"]
[SourceDate "2007.11.25"]
[SourceVersion "1"]
[SourceVersionDate "2007.11.25"]
[SourceQuality "1"]

1. Nf3 d5 2. d4 Nf6 3. c4 c6 4. Nc3 dxc4 5. a4 Bf5 6. e3 e6 7. Bxc4 Nbd7 8. O-O Bb4 9. Nh4 O-O 10. h3 a5 11. Nxf5 exf5 12. Qf3 g6 13. g4 fxg4 14. hxg4 h5 15. gxh5 Nxh5 16. Rd1 Qh4 17. e4 c5 18. Be3 cxd4 19. Bxd4 Bc5 20. Bxc5 Nxc5 21. Rd6 Kg7 22. Rad1 Rae8 23. R1d4 Re5 24. R4d5 Nxe4 25. Rxe5 Nxd6 26. Bf1 Rh8 27. Bg2 Nf4 28. Qg3 Nxg2 29. Qxg2 Qf4 30. Re1 Rh5 31. Kf1 Rh2 32. Ne2 Qh4 33. Qg3 Rh1+ 34. Ng1 Qxg3 35. fxg3 Rh2 36. b3 Nf5 37. Ne2 Ne3+ 38. Kg1 Rg2+ 39. Kh1 b6 40. Nd4 Rxg3 41. Nc6 Nf5 42. b4 Rc3 43. b5 Ra3 0-1

[Event "Richmond Hill Pro Am"]
[Site "Richmond Hill CAN"]
[Date "2006.??.??"]
[Round "7"]
[White "Stevens, Christian"]
[Black "Gerzhoy, Leonid"]
[Result "1/2-1/2"]
[WhiteElo "2314"]
[BlackElo "2386"]
[PlyCount "43"]
[GameId "2160767910798658"]
[EventDate "2006.08.04"]
[EventType "tourn"]
[EventRounds "9"]
[EventCountry "CAN"]
[EventCategory "1"]
[SourceTitle "EXT 2008"]
[Source "ChessBase"]
[SourceDate "2007.11.25"]
[SourceVersion "1"]
[SourceVersionDate "2007.11.25"]
[SourceQuality "1"]

1. e4 c5 2. Nf3 d6 3. d4 cxd4 4. Nxd4 Nf6 5. f3 Nc6 6. c4 g6 7. Nc3 Bg7 8. Be3 O-O 9. Qd2 Bd7 10. Be2 Nxd4 11. Bxd4 a5 12. b3 Bc6 13. O-O Nd7 14. Bf2 Nc5 15. Rab1 f5 16. exf5 gxf5 17. Kh1 Kh8 18. Nd5 Bxd5 19. cxd5 Qc8 20. Bxc5 dxc5 21. f4 b6 22. Bf3 1/2-1/2

[Event "Richmond Hill Pro Am"]
[Site "Richmond Hill CAN"]
[Date "2006.??.??"]
[Round "9"]
[White "Corrales Jimenez, Fidel"]
[Black "Gerzhoy, Leonid"]
[Result "1/2-1/2"]
[WhiteElo "2492"]
[BlackElo "2386"]
[PlyCount "171"]
[GameId "2160767910798666"]
[EventDate "2006.08.04"]
[EventType "tourn"]
[EventRounds "9"]
[EventCountry "CAN"]
[EventCategory "1"]
[SourceTitle "EXT 2008"]
[Source "ChessBase"]
[SourceDate "2007.11.25"]
[SourceVersion "1"]
[SourceVersionDate "2007.11.25"]
[SourceQuality "1"]

1. e4 c5 2. Nf3 d6 3. d4 cxd4 4. Nxd4 Nf6 5. f3 Nc6 6. c4 Nxd4 7. Qxd4 g6 8. Nc3 Bg7 9. Be3 O-O 10. Qd2 Qa5 11. Rc1 Be6 12. Nd5 Qxa2 13. Nxe7+ Kh8 14. Nd5 Bxd5 15. cxd5 Rfc8 16. Be2 Nd7 17. Kf2 Nc5 18. Rc4 b5 19. Rb4 a6 20. h4 h5 21. g4 hxg4 22. h5 g5 23. Bd4 Rg8 24. h6 Be5 25. Bxe5+ dxe5 26. Qc3 Nd7 27. Qc7 gxf3 28. Qxd7 fxe2 29. Qe7 Qa5 30. Qxe5+ Kh7 31. Qf5+ Kh8 32. Qf6+ Kh7 33. Qxf7+ Kh8 34. Qf6+ Kh7 35. Qe7+ Kh8 36. Kxe2 Qb6 37. Qe5+ Kh7 38. Rc1 Ra7 39. Rb3 Rf7 40. Re3 Qxh6 41. Kd3 g4 42. Rc2 Rg5 43. Qg3 Qg6 44. Rh2+ Kg7 45. Kd2 Qb6 46. Rd3 Qa5+ 47. Ke2 Qb4 48. Qe3 Qxb2+ 49. Rd2 Qe5 50. Qd4 g3 51. Rg2 Qxd4 52. Rxd4 Kf6 53. Ke3 Ke5 54. d6 Ke6 55. Rd1 Rd7 56. Kf4 Rg8 57. e5 Rf7+ 58. Ke4 Rg5 59. Rh1 Rxe5+ 60. Kd4 Rf4+ 61. Kd3 Rf3+ 62. Kd4 Kxd6 63. Ra1 Rf4+ 64. Kd3 Rg5 65. Rxa6+ Kd5 66. Rb6 Rf3+ 67. Kd2 Rgf5 68. Rg1 Kd4 69. Rg6 Rd3+ 70. Kc2 Rff3 71. Kb2 b4 72. Rg8 Rb3+ 73. Ka2 Ra3+ 74. Kb2 Rf2+ 75. Kb1 Raf3 76. Kc1 Rc3+ 77. Kb1 Kc4 78. R8xg3 Kb3 79. R3g2 Rxg2 80. Rxg2 Rh3 81. Rg1 Ka3 82. Rf1 Rh2 83. Rf3+ b3 84. Rf1 Rh3 85. Rg1 b2 86. Rf1 1/2-1/2

[Event "CAN-op"]
[Site "Kitchener CAN"]
[Date "2006.07.15"]
[Round "1"]
[White "Gerzhoy, Leonid"]
[Black "Sadoway, Steven"]
[Result "1-0"]
[WhiteElo "2386"]
[BlackElo "2037"]
[PlyCount "129"]
[GameId "2160767910798737"]
[EventDate "2006.07.15"]
[EventType "swiss"]
[EventRounds "9"]
[EventCountry "CAN"]
[SourceTitle "CBM 113 Extra"]
[Source "ChessBase"]
[SourceDate "2006.09.14"]
[SourceVersion "1"]
[SourceVersionDate "2006.09.14"]
[SourceQuality "1"]

1. Nf3 f5 2. g3 Nf6 3. Bg2 e6 4. c4 Be7 5. O-O O-O 6. b3 d5 7. Bb2 c6 8. d3 Bd7 9. Nbd2 Be8 10. Qc2 Bh5 11. Rfe1 Bxf3 12. exf3 Qd7 13. f4 Bb4 14. Re2 Bxd2 15. Qxd2 Qf7 16. Rae1 dxc4 17. dxc4 Re8 18. Bxf6 Qxf6 19. Qd6 Kf7 20. b4 Qe7 21. Rd2 Na6 22. Qxe7+ Rxe7 23. a3 Nc7 24. Re5 Rc8 25. b5 cxb5 26. cxb5 Ne8 27. Bf3 Rc3 28. Re3 Rc5 29. a4 b6 30. Bc6 Nf6 31. Kg2 Rc4 32. Ra3 Ne4 33. Rd8 Nc5 34. a5 bxa5 35. Rxa5 Ra4 36. Rxa4 Nxa4 37. Kf3 h6 38. h4 Nb6 39. Ke3 Rc7 40. Rb8 Ke7 41. Kd4 Kd6 42. f3 Rf7 43. h5 Re7 44. g4 fxg4 45. fxg4 Rf7 46. Ke4 Kc5 47. Re8 a5 48. Rxe6 a4 49. Be8 Ra7 50. Rc6+ Kb4 51. Rxb6 Re7+ 52. Kf5 Rxe8 53. Kg6 Re7 54. g5 hxg5 55. fxg5 Re5 56. h6 gxh6 57. gxh6 a3 58. h7 a2 59. h8=Q a1=Q 60. Qh4+ Kb3 61. Qg3+ Kb4 62. Rf6 Qb1+ 63. Kg7 Re7+ 64. Kf8 Qe1 65. Qd6+ 1-0

[Event "CAN-op"]
[Site "Kitchener CAN"]
[Date "2006.07.16"]
[Round "2"]
[White "Wang, David"]
[Black "Gerzhoy, Leonid"]
[Result "0-1"]
[WhiteElo "2206"]
[BlackElo "2386"]
[PlyCount "126"]
[GameId "2160767910798786"]
[EventDate "2006.07.15"]
[EventType "swiss"]
[EventRounds "9"]
[EventCountry "CAN"]
[SourceTitle "CBM 113 Extra"]
[Source "ChessBase"]
[SourceDate "2006.09.14"]
[SourceVersion "1"]
[SourceVersionDate "2006.09.14"]
[SourceQuality "1"]

1. e4 c5 2. Nf3 d6 3. d4 cxd4 4. Nxd4 Nf6 5. Nc3 Nc6 6. Bc4 e6 7. Bb3 Be7 8. Be3 O-O 9. O-O a6 10. f4 Nxd4 11. Bxd4 b5 12. a3 Bb7 13. Qd3 a5 14. Qxb5 Ba6 15. Qg5 Bxf1 16. Rxf1 Rc8 17. Kh1 Kh8 18. Rf3 e5 19. fxe5 Nd7 20. Qh5 dxe5 21. Rh3 h6 22. Be3 Nf6 23. Qf3 Nh7 24. Nd5 Bc5 25. Rg3 Bxe3 26. Nxe3 Rc6 27. Bd5 Rg6 28. Ng4 Qg5 29. Ne3 Qf6 30. Ng4 Qf4 31. Ne3 Rxg3 32. Qxg3 Qf6 33. a4 Ng5 34. h4 Ne6 35. Ng4 Qf4 36. Qxf4 exf4 37. Ne5 Kh7 38. Nxf7 Rxf7 39. Bxe6 Rb7 40. b3 g5 41. hxg5 hxg5 42. Kg1 Kg7 43. Kf2 Kf6 44. Bd5 Rc7 45. c4 g4 46. Ke2 Ke5 47. Kd3 Rc5 48. Bb7 Rc7 49. Bd5 Rh7 50. c5 Rh1 51. c6 Rc1 52. Kd2 f3 53. gxf3 g3 54. Kxc1 g2 55. Kc2 g1=Q 56. Kc3 Qc5+ 57. Kd3 Kf4 58. c7 Qxc7 59. Kd4 Qb6+ 60. Kd3 Qc5 61. Bc4 Qe3+ 62. Kc2 Qd4 63. Bd5 Ke3 0-1

[Event "CAN-op"]
[Site "Kitchener CAN"]
[Date "2006.07.17"]
[Round "3"]
[White "Gerzhoy, Leonid"]
[Black "Moiseenko, Alexander"]
[Result "1/2-1/2"]
[WhiteElo "2386"]
[BlackElo "2649"]
[PlyCount "67"]
[GameId "2160767910798796"]
[EventDate "2006.07.15"]
[EventType "swiss"]
[EventRounds "9"]
[EventCountry "CAN"]
[SourceTitle "CBM 113 Extra"]
[Source "ChessBase"]
[SourceDate "2006.09.14"]
[SourceVersion "1"]
[SourceVersionDate "2006.09.14"]
[SourceQuality "1"]

1. Nf3 c5 2. c4 Nc6 3. Nc3 e5 4. g3 g6 5. Bg2 Bg7 6. d3 d6 7. O-O Nge7 8. a3 O-O 9. Rb1 a5 10. Ne1 Be6 11. Nd5 Rb8 12. Bg5 f6 13. Bd2 f5 14. Nc2 h6 15. b4 axb4 16. axb4 b6 17. Na3 f4 18. gxf4 Nxb4 19. Nxb4 cxb4 20. Nc2 exf4 21. Nxb4 g5 22. e3 Qd7 23. exf4 gxf4 24. Kh1 b5 25. Rg1 Kh8 26. Be4 Bf5 27. Qf3 bxc4 28. dxc4 Bxe4 29. Qxe4 Be5 30. Nd3 Rxb1 31. Rxb1 Qc6 32. Re1 Qxe4+ 33. Rxe4 Ng6 34. c5 1/2-1/2

[Event "CAN-op"]
[Site "Kitchener CAN"]
[Date "2006.07.18"]
[Round "4"]
[White "Gokhale, Chandrashekhar"]
[Black "Gerzhoy, Leonid"]
[Result "1-0"]
[WhiteElo "2371"]
[BlackElo "2386"]
[PlyCount "75"]
[GameId "2160767910802924"]
[EventDate "2006.07.15"]
[EventType "swiss"]
[EventRounds "9"]
[EventCountry "CAN"]
[SourceTitle "CBM 113 Extra"]
[Source "ChessBase"]
[SourceDate "2006.09.14"]
[SourceVersion "1"]
[SourceVersionDate "2006.09.14"]
[SourceQuality "1"]

1. Nf3 c5 2. g3 Nc6 3. Bg2 g6 4. O-O Bg7 5. d3 Nf6 6. Nbd2 O-O 7. e4 d6 8. h3 Rb8 9. Re1 Nd7 10. Nf1 b5 11. c3 b4 12. c4 Nde5 13. N1h2 Nxf3+ 14. Nxf3 Bd7 15. Kh2 a5 16. Rb1 e5 17. Bg5 Qe8 18. Qd2 f6 19. Be3 Nd4 20. Nxd4 cxd4 21. Bh6 g5 22. Bxg7 Kxg7 23. f4 gxf4 24. gxf4 Kh8 25. f5 Qh5 26. Re2 Rg8 27. Rg1 Rg7 28. Bf1 Rxg1 29. Kxg1 Rg8+ 30. Rg2 Rxg2+ 31. Kxg2 Be8 32. Kg3 Qf7 33. Qh6 Ba4 34. b3 Be8 35. Be2 a4 36. Bh5 Qg8+ 37. Kh4 Bxh5 38. Qxf6+ 1-0

[Event "CAN-op"]
[Site "Kitchener CAN"]
[Date "2006.07.19"]
[Round "5"]
[White "Gerzhoy, Leonid"]
[Black "Kulic, Sasa"]
[Result "1-0"]
[WhiteElo "2386"]
[BlackElo "2192"]
[PlyCount "53"]
[GameId "2160767910802951"]
[EventDate "2006.07.15"]
[EventType "swiss"]
[EventRounds "9"]
[EventCountry "CAN"]
[SourceTitle "CBM 113 Extra"]
[Source "ChessBase"]
[SourceDate "2006.09.14"]
[SourceVersion "1"]
[SourceVersionDate "2006.09.14"]
[SourceQuality "1"]

1. Nf3 Nf6 2. c4 g6 3. Nc3 d5 4. cxd5 Nxd5 5. Qa4+ Bd7 6. Qh4 Nxc3 7. dxc3 Nc6 8. e4 e5 9. Bg5 Be7 10. Bc4 h6 11. Bxe7 Qxe7 12. Qg3 O-O-O 13. O-O g5 14. Bd5 f6 15. Rfd1 Nb8 16. Nd2 Be6 17. Nb3 Na6 18. Qe3 Kb8 19. Qe2 c6 20. Bxc6 Nc7 21. Na5 b6 22. Nb7 Rxd1+ 23. Rxd1 Bxa2 24. Rd7 Qe6 25. Nd6 h5 26. Qa6 Nxa6 27. Rb7+ 1-0

[Event "CAN-op"]
[Site "Kitchener CAN"]
[Date "2006.07.22"]
[Round "8"]
[White "Gerzhoy, Leonid"]
[Black "Kraai, Jesse"]
[Result "1/2-1/2"]
[WhiteElo "2386"]
[BlackElo "2473"]
[PlyCount "116"]
[GameId "2160767910803044"]
[EventDate "2006.07.15"]
[EventType "swiss"]
[EventRounds "9"]
[EventCountry "CAN"]
[SourceTitle "CBM 113 Extra"]
[Source "ChessBase"]
[SourceDate "2006.09.14"]
[SourceVersion "1"]
[SourceVersionDate "2006.09.14"]
[SourceQuality "1"]

1. Nf3 b6 2. g3 Bb7 3. Bg2 g6 4. O-O Bg7 5. c4 Nf6 6. d4 O-O 7. d5 Na6 8. Nc3 Nc5 9. Be3 c6 10. b4 Nce4 11. Nxe4 Nxe4 12. Bd4 Nf6 13. dxc6 Bxc6 14. a4 a5 15. b5 Bb7 16. c5 bxc5 17. Bxc5 d6 18. Bd4 e5 19. Bb2 Qb6 20. Ne1 Ne4 21. Nd3 Rac8 22. Rc1 Rxc1 23. Qxc1 Rc8 24. Qd1 h5 25. e3 Rc4 26. Re1 Ng5 27. f3 h4 28. Nf2 hxg3 29. hxg3 Ne6 30. Bf1 Rc8 31. e4 d5 32. exd5 Nd4 33. Bxd4 exd4 34. Bd3 Bxd5 35. Be4 Be6 36. Bc6 Qc5 37. Nd3 Qc3 38. Rxe6 fxe6 39. Bd7 Rc7 40. Bxe6+ Kh7 41. Bd5 Bh6 42. Be4 Be3+ 43. Kg2 Qa3 44. f4 Qa2+ 45. Kf3 Qh2 46. Qf1 Qh5+ 47. g4 Qh4 48. b6 Rc3 49. b7 Bxf4 50. Kxf4 Qf6+ 51. Bf5 Qd6+ 52. Ne5 Kg7 53. Bxg6 Re3 54. b8=Q Qf6+ 55. Bf5 Qh6+ 56. g5 Qh2+ 57. Kg4 Rg3+ 58. Kf4 Rb3+ 1/2-1/2

[Event "Toronto-ch"]
[Site "Toronto CAN"]
[Date "2006.02.19"]
[Round "5"]
[White "Stevens, Christian"]
[Black "Gerzhoy, Leonid"]
[Result "1-0"]
[WhiteElo "2346"]
[BlackElo "2388"]
[PlyCount "65"]
[GameId "2160767910837736"]
[EventDate "2006.01.22"]
[EventType "tourn"]
[EventRounds "7"]
[EventCountry "CAN"]
[SourceTitle "CFC 2006.06"]

1. d4 Nf6 2. Nf3 e6 3. Bg5 c5 4. c3 h6 5. Bh4 b6 6. Nbd2 Bb7 7. e3 Be7 8. Bd3 d5 9. Ne5 Nbd7 10. f4 Nxe5 11. fxe5 Nd7 12. Bxe7 Qxe7 13. O-O O-O-O 14. a4 f6 15. exf6 gxf6 16. a5 Kc7 17. axb6+ axb6 18. b4 c4 19. Bc2 Ra8 20. Qf3 f5 21. Ba4 Bc6 22. Bxc6 Kxc6 23. Nxc4 Kb7 24. Qf4 Nf6 25. Nd6+ Kc6 26. b5+ Kd7 27. Rxa8 Rxa8 28. Nxf5 exf5 29. Qxf5+ Qe6 30. Qxf6 Qxe3+ 31. Kh1 Qe6 32. Qg7+ Kd6 33. Qb7 1-0